000 00917nam a2200301Ia 4500
001 48808
003 IT-RoPAU
008 130308s9999 xx 000 0 und d
040 _aIT-RoPAU
040 _cIT-RoPAU
041 _aFRANCESE
100 _aMarcus Solomon
100 _gCodice Aut. SPICS: 4186
245 _aAspects systemiques et logique s dans le dictionnaire de a.J. Greimas et J. Courtes
245 _bExigences et Perspectives de la Semiotique-2 Volumi
250 _a1a ed.
260 _aAMSTERDAM
260 _bJohn Benjamins Publishing
260 _c1985 [1° Ed.:1985 - Ed.Ling.Originale:1985]
300 _a"8 p. (prefazione: no ; testo: 8 [pagine: 257-264])"
500 _aAspetti Sistematici e logici nel vocabolario di A.J. Greimas e J. Courtes
650 _aSEMIOLOGIA
650 _eCodice materia Spics: 3251
942 _cBK
957 _71
999 _c40535
_d40535
999 _bSI
999 _g1